| 000 | 01055nam a2200301 c 4500 | ||
|---|---|---|---|
| 003 | BLK | ||
| 005 | 20240401165313.0 | ||
| 008 | 180408b bul|||||r ||||||| ||bul|| | ||
| 010 | _aKNG00094293000 | ||
| 020 |
_a978-954-431-412-5 _bиздат.: Златното пате |
||
| 040 | _aBLK | ||
| 041 |
_aBUL _cBUL |
||
| 080 |
_aФренска литература _b821.133.1 _x-93-91 _z821.133.1-93-91 |
||
| 700 | 1 |
_aСмирнова, Елена Олеговна _eил. _9372156 |
|
| 139 |
_aЧервената шапчица _bЧ 67 |
||
| 245 | 1 | 0 |
_aЧервената шапчица _cил. Елена Олеговна Смирнова. |
| 257 | _aBGR | ||
| 260 |
_аСофия _bЗлатното пате _c2008 _fПроф-Прес |
||
| 300 |
_a10 с. _bс цв. ил. _c22 см |
||
| 380 | _aDX | ||
| 500 | _aКор. опис. | ||
| 852 | _aЦб 247157 | ||
| 856 | 4 |
_qpdf _u |
|
| 856 | 4 |
_qpdf _u |
|
| 942 |
_cKNG _n0 _08 |
||
| 944 |
_aCR _c15.02.2010 _k30532 _lМира Стойчева |
||
| 944 |
_aED _c14.07.2017 _kПенка_Димитрова |
||
| 999 |
_c89592 _d89592 |
||